LDR 01047nam a2200229 i 4500 001 000000062511 003 CaOOAMICUS 005 20260526141624.0 008 130301s1914 xx u000 u lat u 013 $a33683 040 $aSeMil$bita 100 1 $aManzoni, Cesare,$d<1865-1950>.$0(OLS)http://semarc/name/12848 245 13$a1: De religione ; De Ecclesia ; De fontibus revelationis /$cauctore Manzoni Caesare. 250 $aEditio 3. 264 1$aAugustae Taurinorum :$bEx libraria a SS. Corde Jesu,$c1914. 300 $aXVIII, 435 p. ;$c24 cm 773 0 $aManzoni, Cesare <1865-1950>$tCompendium theologiae dogmaticae.$dAugustae Taurinorum : Ex libraria a SS. Corde Jesu, 1910-1914.$g1$w()28132 850 $aSeMil 852 $aSeMil$W1$xVenegono$y1$m2B IV 615$j272543$B28664$CSeMilBibl$Z2$F28667 $81 996 $6245$a1: De religione ; De Ecclesia ; De fontibus revelationis$9(OLS)http://semarc/title/98429 996 $6264$aAugustae Taurinorum :$bEx libraria a SS. Corde Jesu$9(OLS)http://semarc/publisher/37629